Short Words Click - Multilingual - Statistics

General Stats
  • This quiz has been taken 29 times
  • The average score is 6 of 12
Answer Stats
Hint Answer % Correct
Second smallest word in English a
100%
Yes in German ja
83%
Oil in German öl
83%
The smallest word in English I
71%
In in Swedish i (swedish version)
71%
And in Spanish y
54%
Promise in Arabic إ
38%
Multiple meanings in Italian Già
38%
Manji
29%
Third smallest word in English O'
25%
Connector in Tagalog nga
17%
Shortest slang word in Dutch n'
13%
No matching quizzes found
Score Distribution
Percent of People with Each Score
Percentile by Number Answered
Your Score History
You have not taken this quiz